| 000 | 00564nam a22002177a 4500 | ||
|---|---|---|---|
| 003 | OSt | ||
| 005 | 20140310181744.0 | ||
| 008 | 130128t xxu||||| |||| 00| 0 eng d | ||
| 020 | _a9712327043 | ||
| 050 |
_aGV436 _b.Oy98 2000 |
||
| 082 |
_aFIL 613.7 _bOy1 2000 |
||
| 245 |
_aPhysical fitness for college freshmen. _cOyco, Virginia D. |
||
| 260 |
_aManila _bRex Book Store _cc2000 |
||
| 300 |
_a131 p. _c22.2 cm. |
||
| 521 | _acollege students | ||
| 526 | _c1210L-1700L | ||
| 541 | _j1 | ||
| 541 | _j2 | ||
| 562 | _e2 | ||
| 942 |
_2lcc _cBK-FIL _kFIL |
||
| 999 |
_c2915 _d2915 |
||